| 000 | nam a22 7a 4500 | ||
|---|---|---|---|
| 999 |
_c28378 _d28378 |
||
| 008 | 170302b xxu||||| |||| 00| 0 eng d | ||
| 020 | _a9780077234805 | ||
| 050 | _aHF 5636 .G37 2008 | ||
| 100 | _aGarrison,Ray H. | ||
| 245 |
_aAcct 560/561 Managerial Accounting / _cRay H. Garrison; Eric W. Noreen and Peter C. Brewer |
||
| 260 |
_aUnited States : _bMcGraw Hill , _c2008 . |
||
| 300 |
_axxi, 792p. : _bill. ; |
||
| 500 | _aincludes appendix and index | ||
| 700 | _aNoreen, Eric W. | ||
| 942 |
_2lcc _cBOOKS _hHF 5636 .G37 2008 |
||